00515nam a22001692 4500001001100000005001700011008004100028020001700069040001500086100002900101245006600130250001300196260007800209300001900287650003600306852000300342000001845820151217152128.0091030s xx 000 0 eng d a1861241593 : aKABUcKABU1 aCowan, Neil.@000017772710aRisk management and supply chain vulnerability /cNeil Cowan. a1st ed. aStamford, England :bChartered Institute of Purchasing and Supply,c2006. axviii, 392 p. 0aBusiness logistics.@00001482871